| 000 | 00365cam a22001457a 4500 | ||
|---|---|---|---|
| 008 | 180718b1969 xxu||||| |||| 00| 0 eng d | ||
| 082 | _aQ8 G346 | ||
| 100 | _aGhosh, S.K. | ||
| 245 |
_aCrime on the increase _cby S,K, Ghosh |
||
| 250 | _a2nd | ||
| 260 |
_aCalcutta _bEastern Law _c1969 |
||
| 300 | _axvi,167p | ||
| 650 | _aCrime --India. | ||
| 650 | _aPolice --India | ||
| 999 |
_c410269 _d410269 |
||